000
00199 a2200097 4500
001
9614
100
_a
Yeaber, MC
245
_a
Neutron Physics
260
_a
_b
Academic Press
_c
090
_c
7653
_d
7653
942
_a
NUST-CAE
_c
M
_c
34326
999
_c
244687
_d
244687